Những khó khăn trong sử dụng tiếng Anh : hướng dẫn cập nhật để sử dụng tiếng Anh an toàn, chính xác, hợp lý /

Đã lưu trong:
書目詳細資料
主要作者: Nguyễn Hoàng Phương.
其他作者: Trịnh Thắng Lợi.
格式: 圖書
語言:Vietnamese
出版: Hà Nội : Văn hoá thông tin, 2008.
主題:
標簽: 添加標簽
沒有標簽, 成為第一個標記此記錄!
Thư viện lưu trữ: Mạng thư viện Đại học Đà Nẵng
LEADER 01212nam a2200325 a 4500
001 000041796
003 33001
005 20190731154545.0
008 171030s2008
020 |c 65000 
040 |a Lnn  |c Lnn  |d Lnn 
041 0 |a vie 
082 1 4 |a 428  |b NG-P 
100 1 |a Nguyễn Hoàng Phương. 
245 1 6 |a Những khó khăn trong sử dụng tiếng Anh :  |b hướng dẫn cập nhật để sử dụng tiếng Anh an toàn, chính xác, hợp lý /  |c Nguyễn Hoàng Phương, Trịnh Thắng Lợi. 
246 3 4 |a Những khó khăn trong sử dụng tiếng Anh. 
260 |a Hà Nội :  |b Văn hoá thông tin,  |c 2008. 
300 |a 302 tr. ;  |c 24 cm. 
630 0 4 |a Tiếng Anh. 
650 0 4 |a English language. 
700 1 |a Trịnh Thắng Lợi. 
OWN |a LNN 
AVA |a UDN50  |b LNN  |c English  |d 428 NG-P  |e available  |t Error 5001 Not defined in file expand_doc_bib_avail.  |f 1  |g 0  |h N  |i 0  |j AN  |k 1 
999 |a From the UDN01 
AVA |a UDN50  |b LNN  |c English  |d 428 NG-P  |e available  |t Error 5001 Not defined in file expand_doc_bib_avail.  |f 1  |g 0  |h N  |i 0  |j AN  |k 1 
TYP |a Monograph 
TYP |a Printed language 
980 |a Mạng thư viện Đại học Đà Nẵng